Psychology in a third world country: The Indian experiences (Record no. 56192)

MARC details
000 -LEADER
fixed length control field 00391nam a2200145Ia 4500
008 - FIXED-LENGTH DATA ELEMENTS--GENERAL INFORMATION
fixed length control field 230917s9999||||xx |||||||||||||| ||und||
040 ## - CATALOGING SOURCE
-- 82824
Original cataloging agency VIVEKANANDA LIBRARY
041 ## - Language
-- English
082 ## - DDC NUMBER
Classification number 150.954 S64P
100 ## - MAIN ENTRY--PERSONAL NAME
Personal name Sinha, Durganand
245 #0 - TITLE STATEMENT
Title Psychology in a third world country: The Indian experiences
260 ## - PUBLICATION, DISTRIBUTION, ETC. (IMPRINT)
Place of publication, distribution, etc New Delhi
Name of publisher, distributor, etc Sage Publications
Date of publication, distribution, etc 1986
300 ## - PHYSICAL DESCRIPTION
Pages 160 p.
942 ## - ADDED ENTRY ELEMENTS (KOHA)
Koha item type Books
Holdings
Withdrawn status Lost status Damaged status Not for loan Location (home branch) Sublocation or collection (holding branch) Date acquired Koha issues (times borrowed) Koha full call number Accession No. Koha date last seen Koha item type
        VIVEKANANDA LIBRARY VIVEKANANDA LIBRARY 17/03/2003   150.954 S64P 126198 17/09/2023 Books
© Designed and Maintained by Vivekananda Library, MDU Rohtak